| 000 | 00766nam a22002297a 4500 | ||
|---|---|---|---|
| 999 |
_c358411 _d358411 |
||
| 001 | 127049 | ||
| 003 | UA-OsUOA | ||
| 005 | 20230504161313.0 | ||
| 007 | ta | ||
| 008 | 20171117b un ||||| |||| 00| 0 ukr d | ||
| 040 |
_aUA-OsUOA _bukr _cUA-OsUOA _dUA-OsUOA |
||
| 041 | _aukr | ||
| 080 | _a340(4)(094) | ||
| 090 |
_a340(4)(094) _bМ71 |
||
| 245 |
_aМірило правовладдя _bкоментар; глосарій _cС. Головатий |
||
| 260 |
_aК. _bВАІТЕ _c2017 |
||
| 300 | _a163 с. | ||
| 650 | 7 |
_a340 Право в цілому. Пропедевтика. Методи та допоміжні правничі науки _2UDC |
|
| 942 |
_cBK _2udc |
||
| 955 | _a1 | ||